Statystyki dla Skład Polski w meczu z Mołdawią

Kliknij tutaj aby rozwiązać quiz!

Ogólne statystyki

  • Ten quiz został rozwiązany 81 razy
  • Średni wynik to 8 z 11

Statystyki odpowiedzi

Piłkarz% Poprawnych
Wojciech Szczęsny
100%
Robert Lewandowski
98%
Piotr Zieliński
97%
Jan Bednarek
91%
Arkadiusz Milik
89%
Jakub Kiwior
88%
Nicola Zalewski
68%
Przemysław Frankowski
67%
Tomasz Kędziora
59%
Sebastian Szymański
39%
Damian Szymański
30%

Rozkład punktacji

Percentyl według liczby udzielonych odpowiedzi

Procent ludzi z każdym wynikiem

Twoja historia wyników

Nie rozwiązałeś tego quizu